[Event "Merida World Heritage op 1st"]
[Site "Merida"]
[Date "2021.08.08"]
[Round "9"]
[White "Jimenez de la Torre, Jose Antonio"]
[Black "Macias Sanchez, Homero"]
[Result "0-1"]
[WhiteElo "1980"]
[BlackElo "1925"]
[PlyCount "78"]
[EventDate "2021.08.04"]
[EventType "swiss"]
[EventRounds "9"]
[EventCountry "ESP"]
[SourceTitle "EXT 2023"]
[Source "ChessBase"]
[SourceDate "2022.10.05"]
[SourceVersion "1"]
[SourceVersionDate "2022.10.05"]
[SourceQuality "1"]

1. e4 e5 2. Nf3 Nc6 3. d4 exd4 4. Bc4 Nf6 5. 0-0 Nxe4 6. Re1 d5 7. Bxd5 Qxd5 8. Nc3 Qa5 9. Nxe4 Be6 10. Bd2 Qb5 11. a4 Qc4 12. b3 Qd5 13. Bg5 Bb4 14. c3 f5 15. c4 Qd7 16. Ned2 h6 17. Bf4 0-0-0 18. Ne5 Nxe5 19. Bxe5 Rhe8 20. a5 a6 21. f4 g5 22. Ra4 Bc3 23. Bf6 gxf4 24. Bxd8 Rxd8 25. Rf1 Qd6 26. Nb1 Bb4 27. Qd3 Bd7 28. Ra2 Re8 29. Qf3 Re3 30. Qxf4 Qxf4 31. Rxf4 Rxb3 32. Nd2 Rd3 33. Rf2 Be6 34. Kf1 c5 35. Ke2 Re3+ 36. Kd1 Kd7 37. Rb2 Kc6 38. Ra2 b6 39. axb6 Kxb6 0-1

[Event "Merida World Heritage op 1st"]
[Site "Merida"]
[Date "2021.08.07"]
[Round "7"]
[White "Jimenez de la Torre, Jose Antonio"]
[Black "Lancharro Delgado, Cristina"]
[Result "1-0"]
[WhiteElo "1980"]
[BlackElo "1595"]
[PlyCount "35"]
[EventDate "2021.08.04"]
[EventType "swiss"]
[EventRounds "9"]
[EventCountry "ESP"]
[SourceTitle "EXT 2023"]
[Source "ChessBase"]
[SourceDate "2022.10.05"]
[SourceVersion "1"]
[SourceVersionDate "2022.10.05"]
[SourceQuality "1"]

1. e4 e5 2. Bc4 Nc6 3. Nf3 Bc5 4. 0-0 Nf6 5. d4 exd4 6. e5 d5 7. exf6 dxc4 8. Re1+ Be6 9. Ng5 Qxf6 10. Nxe6 fxe6 11. Qh5+ g6 12. Qxc5 Rf8 13. f3 Kd7 14. Na3 c3 15. bxc3 dxc3 16. Be3 Rae8 17. Rad1+ Kc8 18. Nb5 1-0

[Event "Merida World Heritage op 1st"]
[Site "Merida"]
[Date "2021.08.05"]
[Round "3"]
[White "Jimenez de la Torre, Jose Antonio"]
[Black "Carrasco Martinez, Juan Manuel"]
[Result "0-1"]
[WhiteElo "1980"]
[BlackElo "2370"]
[PlyCount "111"]
[EventDate "2021.08.04"]
[EventType "swiss"]
[EventRounds "9"]
[EventCountry "ESP"]
[SourceTitle "EXT 2023"]
[Source "ChessBase"]
[SourceDate "2022.10.05"]
[SourceVersion "1"]
[SourceVersionDate "2022.10.05"]
[SourceQuality "1"]

1. e4 g6 2. d4 Bg7 3. Nc3 d6 4. Be3 c6 5. Qd2 b5 6. Bd3 Nd7 7. h4 h5 8. Nce2 a6 9. c3 Ngf6 10. f3 e5 11. a4 Bb7 12. Bg5 Qc7 13. Nh3 d5 14. 0-0 0-0 15. Bh6 Rae8 16. exd5 Nxd5 17. Bxg7 Kxg7 18. Ng3 Qd8 19. Qg5 Qxg5 20. Nxg5 exd4 21. cxd4 Nb4 22. Rfd1 Nb6 23. axb5 cxb5 24. Be4 Bc8 25. Rac1 Re7 26. d5 Rd8 27. d6 Red7 28. Rd4 a5 29. Ra1 Na4 30. Bd3 Ba6 31. b3 Nc5 32. Rxb4 axb4 33. N3e4 Nxd3 34. Rxa6 Nc1 35. Rb6 Nxb3 36. Rxb5 Nd4 37. Rxb4 Nf5 38. g3 Nxd6 39. Nxd6 Rxd6 40. Rb7 R8d7 41. Rxd7 Rxd7 42. Kf2 Rd3 43. Ne4 Ra3 44. f4 f6 45. Kg2 Kf7 46. Nf2 Ke6 47. Nh3 Rb3 48. Kf2 Kf5 49. Kg2 Ke4 50. Nf2+ Ke3 51. Nd1+ Ke2 52. Nf2 Rb2 53. Nh3 Ke3+ 54. Kh1 Kf3 55. Ng1+ Kxg3 56. f5 0-1

[Event "ESP-ch 85th"]
[Site "Linares"]
[Date "2020.09.06"]
[Round "7"]
[White "Jimenez de la Torre, Jose Antonio"]
[Black "Silva Lucena, Cristian"]
[Result "0-1"]
[WhiteElo "2035"]
[BlackElo "2230"]
[PlyCount "86"]
[EventDate "2020.08.31"]
[EventType "swiss"]
[EventRounds "9"]
[EventCountry "ESP"]
[SourceTitle "EXT 2021"]
[Source "ChessBase"]
[SourceDate "2020.10.23"]
[SourceVersion "1"]
[SourceVersionDate "2020.10.23"]
[SourceQuality "1"]

1. e4 c6 2. d4 d5 3. Nc3 dxe4 4. Nxe4 Nf6 5. Nxf6+ exf6 6. Nf3 Bd6 7. c4 0-0 8. c5 Bc7 9. Be2 Re8 10. 0-0 Nd7 11. Be3 Nf8 12. Qb3 Re7 13. Rfd1 Be6 14. Bc4 Rd7 15. Rac1 Rb8 16. Rc2 Bd5 17. Bxd5 Rxd5 18. Rc4 Ne6 19. Qc3 f5 20. Re1 f6 21. Bc1 Qd7 22. b4 Rd8 23. Bb2 Qf7 24. Qe3 Nf4 25. g3 R5d7 26. Rc2 Nd5 27. Qb3 a5 28. a3 axb4 29. axb4 f4 30. Rce2 fxg3 31. hxg3 Ne7 32. Re6 Nd5 33. R6e2 Qh5 34. Re4 Kf8 35. b5 cxb5 36. Ba3 b4 37. Bxb4 Nxb4 38. Qxb4 Qxf3 39. c6+ Bd6 40. cxd7 Bxb4 41. Re8+ Kf7 42. Rxd8 Bxe1 43. Rf8+ Kg6 0-1

[Event "ESP-chT CECLUB Div2"]
[Site "Linares"]
[Date "2020.08.26"]
[Round "4.5"]
[White "Jimenez de la Torre, Jose Antonio"]
[Black "Sanleon Pravisano, Nieves"]
[Result "1-0"]
[WhiteElo "2035"]
[BlackElo "1864"]
[PlyCount "61"]
[EventDate "2020.08.24"]
[EventType "team-tourn"]
[EventRounds "6"]
[EventCountry "ESP"]
[SourceTitle "CBM 198 Extra"]
[Source "ChessBase"]
[SourceDate "2020.11.30"]
[SourceVersion "1"]
[SourceVersionDate "2020.11.30"]
[SourceQuality "1"]
[WhiteTeam "Reina Brillante"]
[BlackTeam "Xeraco CE"]
[WhiteTeamCountry "ESP"]
[BlackTeamCountry "ESP"]

1. e4 e5 2. Nf3 Nc6 3. d4 exd4 4. Bc4 d6 5. Nxd4 Nxd4 6. Qxd4 Be6 7. Nc3 Ne7 8. b3 a6 9. Bxe6 fxe6 10. Bb2 Nc6 11. Qd2 Be7 12. 0-0 Bf6 13. f4 Qd7 14. Rad1 Bd4+ 15. Kh1 0-0-0 16. Na4 Bxb2 17. Nxb2 Qe7 18. c4 e5 19. b4 exf4 20. b5 axb5 21. cxb5 Nb8 22. b6 c6 23. Nc4 d5 24. exd5 Rxd5 25. Qxf4 Rhd8 26. Rde1 Qd7 27. Ne5 Rxe5 28. Qxe5 Na6 29. h3 Nb4 30. Rd1 Nd5 31. Rxd5 1-0

[Event "ESP-chT CECLUB Div2"]
[Site "Linares"]
[Date "2019.08.19"]
[Round "1.8"]
[White "Jimenez de la Torre, Jose Antonio"]
[Black "Centeno Mendoza, Julio Stefano"]
[Result "1-0"]
[WhiteElo "1978"]
[BlackElo "1726"]
[PlyCount "55"]
[EventDate "2019.08.19"]
[EventType "team-swiss"]
[EventRounds "7"]
[EventCountry "ESP"]
[SourceTitle "EXT 2020"]
[Source "ChessBase"]
[SourceDate "2019.10.17"]
[SourceVersion "1"]
[SourceVersionDate "2019.10.17"]
[SourceQuality "1"]
[WhiteTeam "Reina Brillante"]
[BlackTeam "Jaque Mate"]
[WhiteTeamCountry "ESP"]
[BlackTeamCountry "ESP"]

1. e4 e5 2. Bc4 Bc5 3. d4 Bxd4 4. Nf3 Nc6 5. 0-0 Nf6 6. Nxd4 Nxd4 7. Bg5 h6 8. Bh4 g5 9. f4 gxf4 10. Rxf4 Ne2+ 11. Qxe2 exf4 12. e5 Qe7 13. Nc3 Rg8 14. Ne4 Kf8 15. Bxf6 Qb4 16. Rf1 b5 17. Bd3 Bb7 18. c3 Qa5 19. Rxf4 Re8 20. Rg4 Bxe4 21. Rxg8+ Kxg8 22. Bxe4 Qb6+ 23. Kf1 Qe6 24. Qf3 Qc4+ 25. Bd3 Qh4 26. Bxh4 Rxe5 27. Bf6 Rg5 28. Qa8# 1-0

[Event "ESP-ch 83rd"]
[Site "Linares"]
[Date "2018.08.26"]
[Round "7"]
[White "Jimenez de la Torre, Jose Antonio"]
[Black "Calzetta Ruiz, Monica"]
[Result "0-1"]
[WhiteElo "2076"]
[BlackElo "2302"]
[PlyCount "146"]
[EventDate "2018.08.20"]
[EventType "swiss"]
[EventRounds "9"]
[EventCountry "ESP"]
[SourceTitle "CBM 186 Extra"]
[Source "ChessBase"]
[SourceDate "2018.08.24"]
[SourceVersion "1"]
[SourceVersionDate "2018.08.24"]
[SourceQuality "1"]

1. e4 c5 2. Nf3 Nc6 3. d4 cxd4 4. Nxd4 g6 5. c4 Nf6 6. Nc3 d6 7. Be2 Bg7 8. Be3 0-0 9. 0-0 Bd7 10. f4 Nxd4 11. Bxd4 Bc6 12. Bf3 Nd7 13. Bxg7 Kxg7 14. Qd4+ f6 15. b4 Qb6 16. Qxb6 Nxb6 17. Nd5 Bxd5 18. cxd5 Rac8 19. Rac1 Na4 20. Kf2 Nc3 21. Rc2 Rc7 22. Re1 Nxd5 23. Rxc7 Nxc7 24. Rc1 Na6 25. a3 e5 26. g3 Rf7 27. Rd1 Rd7 28. fxe5 fxe5 29. Bg4 Rd8 30. Rc1 Kf6 31. Bc8 Nc5 32. bxc5 Rxc8 33. Rd1 Rxc5 34. Rxd6+ Ke7 35. Rd2 Rc4 36. Kf3 h5 37. Rd5 Ke6 38. Ra5 a6 39. h4 Rc3+ 40. Kf2 Rb3 41. Ra4 Rb5 42. Rc4 Rb2+ 43. Kf1 Rb3 44. Rc7 Rxg3 45. Rxb7 Rxa3 46. Rb6+ Kf7 47. Rb7+ Kf6 48. Rb6+ Kg7 49. Rb7+ Kh6 50. Re7 Rh3 51. Rxe5 Rxh4 52. Kf2 Rf4+ 53. Ke3 Rf6 54. Re8 Kg5 55. e5 Rb6 56. Kd4 h4 57. Kd5 h3 58. Rh8 Kf5 59. Rf8+ Kg4 60. e6 h2 61. Rf1 g5 62. e7 Rb8 63. Ke6 Kg3 64. Rd1 g4 65. Rd3+ Kg2 66. Rd8 Rb1 67. Rd2+ Kh3 68. Re2 Rb8 69. Re1 g3 70. Kf5 Kg2 71. Rb1 Re8 72. Rb2+ Kh3 73. Rb1 Rxe7 0-1

[Event "ESP-ch 80th"]
[Site "Linares"]
[Date "2015.08.26"]
[Round "4"]
[White "Ibanez Aullana, Jose Ramon"]
[Black "Jimenez de la Torre, Jose Antonio"]
[Result "1-0"]
[WhiteElo "2316"]
[BlackElo "2054"]
[PlyCount "83"]
[EventDate "2015.08.23"]
[EventType "swiss"]
[EventRounds "9"]
[EventCountry "ESP"]
[SourceTitle "EXT 2016"]
[Source "ChessBase"]
[SourceDate "2015.10.08"]
[SourceVersion "1"]
[SourceVersionDate "2015.10.08"]
[SourceQuality "1"]

1. c4 c5 2. Nf3 Nf6 3. Nc3 g6 4. e4 Bg7 5. d4 cxd4 6. Nxd4 Nc6 7. Be3 0-0 8. Be2 d6 9. 0-0 Bd7 10. Qd2 Ng4 11. Bxg4 Bxg4 12. b3 Qa5 13. Rfc1 Rfe8 14. a3 Rac8 15. Ra2 a6 16. Nxc6 bxc6 17. b4 Qh5 18. f3 Be6 19. Ne2 d5 20. Ng3 Qe5 21. f4 Qb8 22. f5 gxf5 23. exf5 Bd7 24. Bf4 Be5 25. Rf1 Rcd8 26. Qe3 f6 27. Re2 Bxf4 28. Rxf4 Kh8 29. Rh4 Qc8 30. Rh5 Rg8 31. Qxe7 Rg7 32. Qxf6 Rf8 33. Qd4 Qd8 34. cxd5 cxd5 35. Qxd5 Qf6 36. Qe5 Qb6+ 37. Qe3 Qf6 38. Rh6 Qa1+ 39. Re1 Qb2 40. Qe5 Qd2 41. Rd6 Bc8 42. Ra1 1-0

[Event "ESP-ch 80th"]
[Site "Linares"]
[Date "2015.08.23"]
[Round "1"]
[White "Jimenez de la Torre, Jose Antonio"]
[Black "Quintin Navarro, Alberto"]
[Result "0-1"]
[WhiteElo "2054"]
[BlackElo "2363"]
[PlyCount "94"]
[EventDate "2015.08.23"]
[EventType "swiss"]
[EventRounds "9"]
[EventCountry "ESP"]
[SourceTitle "EXT 2016"]
[Source "ChessBase"]
[SourceDate "2015.10.08"]
[SourceVersion "1"]
[SourceVersionDate "2015.10.08"]
[SourceQuality "1"]

1. e4 e6 2. d4 d5 3. Nd2 Be7 4. Ngf3 Nf6 5. e5 Nfd7 6. c3 c5 7. Bd3 b6 8. Qe2 a5 9. 0-0 Ba6 10. Bxa6 Nxa6 11. Re1 0-0 12. Nf1 Nc7 13. Bf4 b5 14. a4 b4 15. cxb4 axb4 16. b3 c4 17. bxc4 dxc4 18. Qxc4 Nb6 19. Qb3 Qd5 20. Qc2 Rfc8 21. Ne3 Qd7 22. Bg5 Ncd5 23. Qe4 Bf8 24. a5 Nxe3 25. Bxe3 Qd5 26. Qb1 Rxa5 27. Rxa5 Qxa5 28. Ng5 g6 29. h4 Nd5 30. Bd2 Qa4 31. Qd3 Qa3 32. Qb5 Qa7 33. Qd3 Qa3 34. Qb5 Qa2 35. Qd3 Rc7 36. h5 Qc2 37. Qe2 b3 38. hxg6 hxg6 39. Ne4 b2 40. Qb5 Rc6 41. Qb8 Rc8 42. Qb5 Bb4 43. Nf6+ Nxf6 44. Qxb4 Nd5 45. Qb7 Qxd2 46. Qxc8+ Kg7 47. Kf1 Qxe1+ 0-1

[Event "ESP-ch 78th"]
[Site "Linares"]
[Date "2013.09.03"]
[Round "6"]
[White "Ruiz Sanchez, Andres"]
[Black "Jimenez de la Torre, Jose Antonio"]
[Result "0-1"]
[WhiteElo "2191"]
[BlackElo "2038"]
[PlyCount "60"]
[EventDate "2013.08.29"]
[EventType "swiss"]
[EventRounds "9"]
[EventCountry "ESP"]
[SourceTitle "CBM 156 Extra"]
[Source "ChessBase"]
[SourceDate "2013.10.22"]
[SourceVersion "1"]
[SourceVersionDate "2013.10.22"]
[SourceQuality "1"]

1. d4 Nf6 2. Bf4 g6 3. e3 Bg7 4. Be2 0-0 5. h3 d6 6. Nf3 b6 7. 0-0 Bb7 8. a4 a5 9. Na3 Nbd7 10. c3 Re8 11. Bh2 e5 12. dxe5 Nxe5 13. Nxe5 dxe5 14. Nb5 Qe7 15. Qb3 Ne4 16. Rfd1 Qh4 17. g3 Nxg3 18. Bxg3 Qe4 19. f3 Qxe3+ 20. Kf1 Bxf3 21. Qc4 Bxe2+ 22. Qxe2 Qxg3 23. Rd3 Qg5 24. Nxc7 e4 25. Nxa8 Re6 26. Qg4 Qf6+ 27. Rf3 exf3 28. Nc7 Qe5 29. Qc4 Rc6 30. Qd3 Qg5 0-1

[Event "ESP-ch 78th"]
[Site "Linares"]
[Date "2013.09.02"]
[Round "5"]
[White "Jimenez de la Torre, Jose Antonio"]
[Black "Quintin Navarro, Alberto"]
[Result "1/2-1/2"]
[WhiteElo "2038"]
[BlackElo "2241"]
[PlyCount "60"]
[EventDate "2013.08.29"]
[EventType "swiss"]
[EventRounds "9"]
[EventCountry "ESP"]
[SourceTitle "CBM 156 Extra"]
[Source "ChessBase"]
[SourceDate "2013.10.22"]
[SourceVersion "1"]
[SourceVersionDate "2013.10.22"]
[SourceQuality "1"]

1. e4 c5 2. Nf3 g6 3. c4 Bg7 4. d4 cxd4 5. Nxd4 Nc6 6. Be3 Nf6 7. Nc3 0-0 8. Be2 d6 9. 0-0 Bd7 10. f4 Nxd4 11. Bxd4 Bc6 12. f5 Nd7 13. Bxg7 Kxg7 14. Qd4+ Kg8 15. b4 b6 16. Rf2 a5 17. b5 Bb7 18. Raf1 Qc7 19. Qd2 Qc5 20. Kh1 Qe5 21. Nd5 Bc6 22. fxg6 hxg6 23. Bg4 f5 24. Qg5 Qg7 25. Be2 Rf7 26. g4 fxg4 27. Rxf7 Qxf7 28. Bxg4 Nc5 29. Be6 Nxe6 30. Rf2 Bd7 1/2-1/2

[Event "San Pedro del Pinatar 4th"]
[Site "San Pedro del Pinatar"]
[Date "2013.01.11"]
[Round "2.10"]
[White "Gonzalez del Campo, Diego"]
[Black "Jimenez de la Torre, Jose Antonio"]
[Result "0-1"]
[WhiteElo "1942"]
[BlackElo "2101"]
[PlyCount "40"]
[EventDate "2013.01.11"]
[EventType "swiss"]
[EventRounds "7"]
[EventCountry "ESP"]
[SourceTitle "EXT 2024"]
[Source "ChessBase"]
[SourceDate "2023.10.10"]
[SourceVersion "1"]
[SourceVersionDate "2023.10.10"]
[SourceQuality "1"]

1. d4 Nf6 2. c4 c5 3. d5 b5 4. Qc2 d6 5. e4 bxc4 6. Bxc4 g6 7. Nc3 Bg7 8. f4 Nbd7 9. Nf3 0-0 10. a4 Nb6 11. Bb5 a6 12. Bc6 Rb8 13. a5 Nc4 14. Qa4 Nxb2 15. Bxb2 Rxb2 16. Ra2 Nxe4 17. Nxe4 Rb1+ 18. Kf2 Rxh1 19. Qc2 Bf5 20. Ng1 Bd4+ 0-1

[Event "Almansa op 6th"]
[Site "Almansa"]
[Date "2011.08.12"]
[Round "7"]
[White "Jimenez de la Torre, Jose Antonio"]
[Black "Carrascoso Morales, Abel"]
[Result "0-1"]
[WhiteElo "2138"]
[BlackElo "2263"]
[PlyCount "60"]
[EventDate "2011.08.09"]
[EventType "swiss"]
[EventRounds "9"]
[EventCountry "ESP"]
[SourceTitle "CBM 144 Extra"]
[Source "ChessBase"]
[SourceDate "2011.10.28"]
[SourceVersion "1"]
[SourceVersionDate "2011.10.28"]
[SourceQuality "1"]

1. e4 c5 2. Nf3 d6 3. d4 cxd4 4. Nxd4 Nf6 5. Nc3 g6 6. Be3 Bg7 7. Be2 0-0 8. 0-0 Nc6 9. Nb3 Be6 10. f4 Qc8 11. h3 Rd8 12. g4 d5 13. e5 Ne4 14. Nxe4 dxe4 15. Qc1 g5 16. f5 Bxb3 17. f6 Be6 18. fxg7 Qc7 19. Bxg5 Qxe5 20. Qf4 Qxg7 21. c3 Rd5 22. Bh6 Qg6 23. Qe3 Rad8 24. Bf4 Rd3 25. Bxd3 Rxd3 26. Qf2 Rxh3 27. g5 Qh5 28. Qg2 Bg4 29. Qxe4 Bf3 30. Qf5 e6 0-1

[Event "Almansa op 6th"]
[Site "Almansa"]
[Date "2011.08.12"]
[Round "6"]
[White "Navarrete Espi, Samuel"]
[Black "Jimenez de la Torre, Jose Antonio"]
[Result "1/2-1/2"]
[WhiteElo "2169"]
[BlackElo "2138"]
[PlyCount "45"]
[EventDate "2011.08.09"]
[EventType "swiss"]
[EventRounds "9"]
[EventCountry "ESP"]
[SourceTitle "CBM 144 Extra"]
[Source "ChessBase"]
[SourceDate "2011.10.28"]
[SourceVersion "1"]
[SourceVersionDate "2011.10.28"]
[SourceQuality "1"]

1. e4 e5 2. Nf3 Nf6 3. d4 Nxe4 4. Bd3 Nc6 5. d5 Nc5 6. dxc6 e4 7. Bc4 exf3 8. Qxf3 Qe7+ 9. Be3 dxc6 10. Nc3 Be6 11. Bxc5 Qxc5 12. Bxe6 fxe6 13. 0-0-0 Bd6 14. Ne4 Qe5 15. Nxd6+ cxd6 16. Rhe1 Qg5+ 17. Kb1 Qe7 18. Qg4 e5 19. Qb4 0-0-0 20. Rd3 Rhe8 21. Rb3 d5 22. Qa4 b5 23. Qa6+ 1/2-1/2

[Event "Almansa op 6th"]
[Site "Almansa"]
[Date "2011.08.11"]
[Round "5"]
[White "Jimenez de la Torre, Jose Antonio"]
[Black "Laliena Solanes, Luis M"]
[Result "1-0"]
[WhiteElo "2138"]
[BlackElo "2197"]
[PlyCount "49"]
[EventDate "2011.08.09"]
[EventType "swiss"]
[EventRounds "9"]
[EventCountry "ESP"]
[SourceTitle "CBM 144 Extra"]
[Source "ChessBase"]
[SourceDate "2011.10.28"]
[SourceVersion "1"]
[SourceVersionDate "2011.10.28"]
[SourceQuality "1"]

1. e4 c6 2. Nc3 d5 3. Qf3 Nf6 4. e5 Nfd7 5. d4 e6 6. Qg3 c5 7. Nf3 Nc6 8. Nb5 g6 9. Be3 a6 10. Nd6+ Bxd6 11. exd6 cxd4 12. Nxd4 e5 13. Nxc6 bxc6 14. f4 Qf6 15. 0-0-0 Qxd6 16. fxe5 Nxe5 17. Bc5 Qe6 18. Re1 f6 19. h4 Kf7 20. Be2 Bd7 21. h5 Rae8 22. Rhf1 Kg7 23. Qh4 Rhg8 24. h6+ Kh8 25. Rxf6 1-0

[Event "ESP-ch 74th"]
[Site "Palma de Mallorca"]
[Date "2009.09.27"]
[Round "2"]
[White "Bellon Lopez, Juan Manuel"]
[Black "Jimenez de la Torre, Jose Antonio"]
[Result "1-0"]
[WhiteElo "2430"]
[BlackElo "2175"]
[PlyCount "61"]
[EventDate "2009.09.26"]
[EventType "swiss"]
[EventRounds "9"]
[EventCountry "ESP"]
[SourceTitle "CBM 132 Extra"]
[Source "ChessBase"]
[SourceDate "2009.11.03"]
[SourceVersion "1"]
[SourceVersionDate "2009.11.03"]
[SourceQuality "1"]

1. d4 Nf6 2. Bg5 d5 3. Bxf6 exf6 4. e3 g6 5. c4 dxc4 6. Bxc4 Bg7 7. h4 h5 8. Ne2 Nc6 9. Nbc3 f5 10. Nf4 Ne7 11. Rc1 a6 12. a4 c6 13. b4 b5 14. axb5 axb5 15. Bb3 Qd6 16. Nd3 f4 17. Ne4 Qd8 18. Nxf4 Bf5 19. Ng5 0-0 20. 0-0 Qd6 21. Rc5 Ra3 22. g3 Bh6 23. Bc2 f6 24. Bb3+ Kh8 25. Rxf5 Bxg5 26. Nxg6+ Kg7 27. Nxf8 Nxf5 28. Ne6+ Kg6 29. hxg5 fxg5 30. Qb1 Kf6 31. Nc5 1-0

[Event "ESP-chT2 Gr2"]
[Site "Burguillos"]
[Date "2009.08.05"]
[Round "1"]
[White "Ortiz Suarez, Isan Reynaldo"]
[Black "Jimenez de la Torre, Jose Antonio"]
[Result "1-0"]
[WhiteElo "2493"]
[BlackElo "2178"]
[PlyCount "79"]
[EventDate "2009.08.05"]
[EventType "team-swiss"]
[EventRounds "6"]
[EventCountry "ESP"]
[SourceTitle "CBM 131 Extra"]
[Source "ChessBase"]
[SourceDate "2009.09.03"]
[SourceVersion "2"]
[SourceVersionDate "2009.09.16"]
[SourceQuality "1"]

1. d4 Nf6 2. c4 g6 3. Nc3 d5 4. Nf3 Bg7 5. Qb3 dxc4 6. Qxc4 Nbd7 7. e4 Nb6 8. Qb3 0-0 9. Be2 Bg4 10. Be3 c6 11. 0-0 Be6 12. Qc2 Ng4 13. Bf4 Bc4 14. Bxc4 Nxc4 15. Qb3 b5 16. h3 Nf6 17. a4 a6 18. Rfd1 e6 19. Qc2 Nd7 20. b3 Na5 21. Ra2 b4 22. Ne2 Qe7 23. Bc7 Nb7 24. Qxc6 Ra7 25. Bf4 Na5 26. Qd6 Qxd6 27. Bxd6 Nxb3 28. Bxf8 Bxf8 29. a5 e5 30. Nxe5 Nxe5 31. dxe5 Nc5 32. Rd8 Nxe4 33. Rc2 Kg7 34. Rc4 Ng5 35. Nd4 Be7 36. Rdc8 Rb7 37. R8c7 Rxc7 38. Rxc7 Bd8 39. Rb7 Bxa5 40. Nc6 1-0

[Event "ESP-ch op"]
[Site "Leon"]
[Date "2006.11.27"]
[Round "6"]
[White "Jimenez de la Torre, Jose Antonio"]
[Black "Marcos Pinto, Luis"]
[Result "0-1"]
[WhiteElo "2162"]
[BlackElo "1987"]
[PlyCount "122"]
[EventDate "2006.11.22"]
[EventType "swiss"]
[EventRounds "9"]
[EventCountry "ESP"]
[SourceTitle "CBM 115 Extra"]
[Source "ChessBase"]
[SourceDate "2007.01.10"]
[SourceVersion "1"]
[SourceVersionDate "2007.01.10"]
[SourceQuality "1"]

1. e4 c5 2. Nf3 Nc6 3. d4 cxd4 4. Nxd4 e5 5. Nb5 Nf6 6. N1c3 d6 7. Bg5 a6 8. Bxf6 gxf6 9. Na3 b5 10. Nd5 Bg7 11. c3 f5 12. Nxb5 axb5 13. Bxb5 Bb7 14. exf5 Kf8 15. Qh5 Ne7 16. Nxe7 Kxe7 17. 0-0 Qc7 18. a4 Bf6 19. Qe2 Rag8 20. g3 h5 21. h3 Rg5 22. a5 Rxf5 23. a6 Ba8 24. Ra4 h4 25. g4 Rf3 26. Re4 Bxe4 27. Qxe4 Rf4 28. Qe3 Bg5 29. Qd3 Qb6 30. b4 Rxf2 31. Rxf2 Be3 32. c4 Bxf2+ 33. Kg2 Qe3 34. c5 Qxd3 35. Bxd3 Bd4 36. Be4 dxc5 37. a7 cxb4 38. a8Q Rxa8 39. Bxa8 b3 40. Be4 Be3 41. Kf3 Bg5 42. Ke2 b2 43. Kd1 f6 44. Kc2 Bc1 45. Kc3 Kd6 46. Kc4 Be3 47. Kb3 Kc5 48. Kc3 Bc1 49. Bb1 Kd5 50. Kd3 e4+ 51. Ke2 Ke5 52. Kf2 Kf4 53. Ke2 e3 54. Bd3 Kg3 55. Bf5 Kg2 56. Be4+ Kxh3 57. Kf3 Kh2 58. Bb1 Kg1 59. Ke2 h3 60. Be4 h2 61. g5 h1Q 0-1

[Event "Seville op 30th"]
[Site "Seville"]
[Date "2005.01.14"]
[Round "8"]
[White "Mellado Trivino, Juan"]
[Black "Jimenez de la Torre, Jose Antonio"]
[Result "1-0"]
[WhiteElo "2423"]
[BlackElo "2186"]
[PlyCount "93"]
[EventDate "2005.01.07"]
[EventType "swiss"]
[EventRounds "9"]
[EventCountry "ESP"]
[SourceTitle "CBM 104 Extra"]
[Source "ChessBase"]
[SourceDate "2005.03.01"]
[SourceVersion "1"]
[SourceVersionDate "2005.03.01"]
[SourceQuality "1"]

1. e4 e5 2. Nf3 Nf6 3. Nxe5 Nxe4 4. Qe2 Qe7 5. Qxe4 d6 6. d4 dxe5 7. dxe5 Nc6 8. Nc3 Qxe5 9. Qxe5+ Nxe5 10. Bf4 Bd6 11. Bg3 Bf5 12. 0-0-0 0-0 13. Nb5 Rfd8 14. Be2 a6 15. Nxd6 cxd6 16. Rd4 Rd7 17. Rhd1 Rad8 18. h3 f6 19. Rb4 Rc8 20. c3 d5 21. Bxe5 fxe5 22. f4 e4 23. g4 Bg6 24. f5 Be8 25. Rbd4 Rcd8 26. Kd2 Bf7 27. Ke3 b5 28. a4 bxa4 29. Rxa4 Rb8 30. Rxa6 g5 31. b4 Rc7 32. Kd4 Rbc8 33. Ra3 Re8 34. Rda1 Rcc8 35. b5 Rb8 36. Ra7 e3 37. Bd3 Rb6 38. Re1 Rh6 39. Rxe3 Rxe3 40. Kxe3 Rxh3+ 41. Kd4 Rh6 42. Ra6 Rh2 43. Ra1 Rb2 44. Rb1 Rxb1 45. Bxb1 Be8 46. b6 Bc6 47. Ba2 1-0